Public control of highway access and roadside development, (Record no. 549149)

000 -LEADER
fixed length control field 00726cam a22001811 4500
082 ## - DEWEY DECIMAL CLASSIFICATION NUMBER
Classification number 711.73
Author Mark LEV
-- L-18, P-16
110 1# - MAIN ENTRY--CORPORATE NAME
Corporate name or jurisdiction name as entry element United States.
9 (RLIN) 21185
245 10 - TITLE STATEMENT
Title Public control of highway access and roadside development,
Statement of responsibility, etc. reported by David R. Levin, head, Special Administrative Studies Unit, Division of Financial and Administrative Research, Public Roads Administration.
250 ## - EDITION STATEMENT
Edition statement Rev. 1947.
260 ## - PUBLICATION, DISTRIBUTION, ETC.
Place of publication, distribution, etc. Washington,
Name of publisher, distributor, etc. U.S. Govt. Print. Off.,
Date of publication, distribution, etc. 1947.
300 ## - PHYSICAL DESCRIPTION
Extent vi, 154 p.
Other physical details illus., maps.
Dimensions 24 cm.
526 ## - STUDY PROGRAM INFORMATION NOTE
Program name 0
Interest level 0
Reading level 0
Title point value 711_730000000000000_LEV
650 #0 - SUBJECT ADDED ENTRY--TOPICAL TERM
Topical term or geographic name entry element MCE
9 (RLIN) 379
650 #0 - SUBJECT ADDED ENTRY--TOPICAL TERM
Topical term or geographic name entry element Roads
Geographic subdivision United States.
9 (RLIN) 22202
650 #0 - SUBJECT ADDED ENTRY--TOPICAL TERM
Topical term or geographic name entry element Roadside improvement.
9 (RLIN) 21192
700 1# - ADDED ENTRY--PERSONAL NAME
Personal name Levin, David R.
9 (RLIN) 43576
942 ## - ADDED ENTRY ELEMENTS (KOHA)
Source of classification or shelving scheme
Koha item type Book
Holdings
Withdrawn status Lost status Source of classification or shelving scheme Damaged status Not for loan Permanent Location Current Location Date acquired Total Checkouts Full call number Barcode Date last seen Price effective from Koha item type
          Military College of Engineering (MCE) Military College of Engineering (MCE) 09/18/2014   711.73 LEV MCE-30300 09/18/2014 09/18/2014 Book
© 2023 Central Library, National University of Sciences and Technology. All Rights Reserved.